00445cam a22001217a 4500008004000000082001800040100001600058245005700074260005300131300001000184650006300194650006600257180718b1973 xxu||||| |||| 00| 0 eng d aT2196x54 M478 aMehan, K.K. aSmall industry enterpreneurs handbookcby K.K. Mehan aBombaybProductivity Service Internationalc1973 a327p. aNew business enterprises --India --Handbooks, manuals, etc aSmall business --India --Management --Handbooks, manuals, etc